|
|
|
|
| LEADER |
00000nam a2200000 a 4500 |
| 001 |
vtls010185658 |
| 003 |
SK-MaSNL |
| 005 |
20260301031225.0 |
| 008 |
240315s2010 xo l d p 000 0 slo |
| 015 |
|
|
|a SNBA2011/01-00477
|
| 020 |
|
|
|a 9788089421060
|q (brož.)
|
| 035 |
|
|
|a C58482FC-9CC6-484C-AFAE-39BF1ACFB283
|
| 035 |
|
|
|a urn:nbn:sk:snk-amkb4n
|
| 035 |
|
|
|a urn:nbn:sk:snk-am003x5u
|
| 040 |
|
|
|a SNK
|b slo
|c SNK
|e AACR2
|
| 041 |
0 |
|
|a slo
|
| 044 |
|
|
|a xo
|c SK
|
| 072 |
|
7 |
|a 621
|x Strojárstvo
|2 konspekt
|
| 080 |
|
|
|a 621.791
|2 2001
|
| 080 |
|
|
|a 621.791.754
|2 2001
|
| 080 |
|
|
|a 621.791.75
|2 2001
|
| 080 |
|
|
|a (07)
|2 2001
|
| 100 |
1 |
|
|a Vitáloš, Ivan
|4 aut
|9 8855
|
| 245 |
1 |
0 |
|a Kurz zvárania
|b v ochrannej atmosfére CO2 taviacou sa elektródou
|c Ivan Vitáloš, Ján Bezák
|
| 250 |
|
|
|a 3. vyd.
|
| 260 |
|
|
|a Bratislava
|b Prvá zváračská
|c 2010
|
| 300 |
|
|
|a 77 s.
|b sch., tab.
|c 24 cm
|
| 504 |
|
|
|a Bibliogr. s. 62
|
| 650 |
0 |
7 |
|a zváranie
|2 SNKPH
|9 1839
|
| 650 |
0 |
7 |
|a Welding
|2 SNKPHeng
|9 267090
|
| 650 |
0 |
7 |
|a Electric welding
|2 SNKPHeng
|9 314978
|
| 650 |
0 |
7 |
|a zváranie elektrickým oblúkom
|2 SNKPH
|9 82005
|
| 650 |
0 |
7 |
|a Arc welding with protective gas
|2 SNKPHeng
|9 320846
|
| 650 |
0 |
7 |
|a oblúkové zváranie v ochranných plynoch
|2 SNKPH
|9 82006
|
| 655 |
|
7 |
|a učebné texty
|2 SNKPH
|9 70568
|
| 655 |
|
7 |
|a Educational texts
|2 SNKPHeng
|9 277375
|
| 700 |
1 |
|
|a Bezák, Ján
|4 aut
|9 279990
|
| 919 |
|
|
|a 978-80-89421-06-0
|
| 958 |
|
|
|a OND
|
| 958 |
|
|
|a NB
|
| 968 |
|
|
|d 62
|
| 999 |
|
|
|c 576213
|d 578143
|
| 952 |
|
|
|a SNK
|b SNK
|y PREZ
|7 0
|p 17A0676431
|o snkSC 142646
|i snk2010/24107
|8 0
|0 0
|1 0
|4 0
|d 2010-11-03
|l 0
|r 2025-07-10 00:00:00
|w 2026-02-23
|
| 952 |
|
|
|a SNK
|b SNK
|y VYP
|7 0
|p 17A0676432
|o snkSC 142646 D1
|i snk2010/24108
|8 0
|0 0
|1 0
|4 0
|d 2010-11-03
|l 0
|r 2026-02-23 14:32:45
|w 2026-02-23
|